000 00531cam a22001934a 4500
005 20250605164303.0
008 250528s ||||||||||||||||||||||||d
035 _a22149
020 _a9789600421781
040 _aGR-AtMCL
_bgre
_dGR-AtMCL
_eAACR2
245 1 _aΓΙΕΛΕΝΑ ΑΠΟΛΛΩΝΕΙΑ: ΤΟ ΚΟΡΙΤΣΙ ΤΩΝ ΒΑΛΚΑΝΙΩΝ
250 _a1
260 _bΚέδρος,
_c2002
300 _a373
700 1 _aΤσιρκινιδης Χαρης
_98018
942 _cBK
999 _c7205
_d7205